[Event "Budapest FS07 FM-B"]
[Site "Budapest"]
[Date "2005.07.10"]
[Round "9"]
[White "Ladanyi, Gyula"]
[Black "Kiruba, Helen Arasu"]
[Result "1/2-1/2"]
[WhiteElo "1907"]
[BlackElo "1904"]
[PlyCount "60"]
[EventDate "2005.07.02"]
[EventType "tourn"]
[EventRounds "9"]
[EventCountry "HUN"]
[SourceTitle "EXT 2008"]
[Source "ChessBase"]
[SourceDate "2007.11.25"]
[SourceVersion "1"]
[SourceVersionDate "2007.11.25"]
[SourceQuality "1"]

1. d4 Nf6 2. c4 e6 3. Nc3 Bb4 4. Qc2 d5 5. cxd5 exd5 6. a3 Be7 7. Nf3 Nc6 8. b4 a6 9. e3 Bg4 10. Be2 Bd6 11. Bb2 Qe7 12. 0-0 0-0 13. Ne1 Rae8 14. h3 Nxd4 15. Qd3 Qe5 16. f4 Nxe2+ 17. Qxe2 Qxc3 18. hxg4 Qxe3+ 19. Qxe3 Rxe3 20. Bxf6 gxf6 21. Nc2 Rc3 22. Nd4 c6 23. Nf5 Bb8 24. Rae1 Rxa3 25. Re7 b5 26. Nh6+ Kg7 27. Nf5+ Kh8 28. Nh6 Kg7 29. Nf5+ Kh8 30. Nh6 Kg7 1/2-1/2

[Event "Budapest FS07 FM-B"]
[Site "Budapest"]
[Date "2005.07.08"]
[Round "7"]
[White "Gruz, Janos"]
[Black "Kiruba, Helen Arasu"]
[Result "1-0"]
[WhiteElo "2034"]
[BlackElo "1904"]
[PlyCount "128"]
[EventDate "2005.07.02"]
[EventType "tourn"]
[EventRounds "9"]
[EventCountry "HUN"]
[SourceTitle "EXT 2008"]
[Source "ChessBase"]
[SourceDate "2007.11.25"]
[SourceVersion "1"]
[SourceVersionDate "2007.11.25"]
[SourceQuality "1"]

1. c4 e5 2. Nc3 Nc6 3. Nf3 f5 4. d3 Bb4 5. Bd2 Nf6 6. a3 Bxc3 7. Bxc3 d6 8. Qc2 Bd7 9. 0-0-0 Qe7 10. e4 f4 11. Be2 0-0-0 12. Kb1 Kb8 13. Rhe1 Rhe8 14. Rc1 h6 15. b4 Qf7 16. b5 Ne7 17. Nd2 g5 18. f3 Ng6 19. Qb2 Rc8 20. Nb3 Ka8 21. d4 exd4 22. Bxd4 Ne5 23. c5 Be6 24. Bxe5 dxe5 25. Na5 Rcd8 26. Red1 Rxd1 27. Rxd1 Qe7 28. c6 b6 29. Nc4 Bc8 30. a4 Qc5 31. Na3 Qf2 32. Bc4 Qxb2+ 33. Kxb2 Rf8 34. Nc2 Nh5 35. Nb4 Ng7 36. Nd5 Ne6 37. Ne7 Nc5 38. Ka3 Re8 39. Ng6 Be6 40. Nxe5 Bxc4 41. Nxc4 Kb8 42. Ne5 Ne6 43. Nf7 h5 44. Rd5 Rg8 45. Re5 Rg6 46. Nxg5 Rxg5 47. Rxe6 Rg8 48. Rf6 Kc8 49. Rxf4 Kd8 50. g3 Ke7 51. Rf5 Rh8 52. h3 h4 53. g4 Rd8 54. Rd5 Rf8 55. Rd3 Ke6 56. Kb3 Ke5 57. Rd5+ Ke6 58. Rf5 Rd8 59. Kc4 Ke7 60. f4 Rd1 61. Rd5 Rf1 62. f5 Rf3 63. Rd3 Rf4 64. Kd4 Kd6 1-0

[Event "Budapest FS06 FM-B"]
[Site "Budapest"]
[Date "2005.06.14"]
[Round "11"]
[White "Ladanyi, Gyula"]
[Black "Kiruba, Helen Arasu"]
[Result "0-1"]
[WhiteElo "1951"]
[BlackElo "1904"]
[PlyCount "70"]
[EventDate "2005.06.04"]
[EventType "tourn"]
[EventRounds "11"]
[EventCountry "HUN"]
[SourceTitle "CBM 106 Extra"]
[Source "ChessBase"]
[SourceDate "2005.07.01"]
[SourceVersion "1"]
[SourceVersionDate "2005.07.01"]
[SourceQuality "1"]

1. d4 Nf6 2. c4 e6 3. Nc3 Bb4 4. Qc2 d5 5. e3 0-0 6. Bd3 b6 7. Bd2 Bb7 8. Nf3 c5 9. dxc5 bxc5 10. cxd5 exd5 11. 0-0 Nbd7 12. Rfd1 Qe7 13. Re1 Rfe8 14. Qa4 Nb6 15. Qc2 a6 16. a3 Ba5 17. Be2 Rac8 18. Nxd5 Nbxd5 19. Bxa5 Ng4 20. Bd3 Ndf6 21. Qe2 Qd6 22. h3 Bxf3 23. Qxf3 Ne5 24. Bxh7+ Nxh7 25. Qe2 Qd3 26. Qh5 Qg6 27. Qe2 Ng5 28. Kh2 Qd6 29. f4 Nd3 30. Rad1 c4 31. Qg4 Ne4 32. Re2 Qc5 33. Bb4 Nxb4 34. axb4 Qxb4 35. Rd7 Nf6 0-1

[Event "Budapest FS06 FM-B"]
[Site "Budapest"]
[Date "2005.06.08"]
[Round "5"]
[White "Rummel, Zsolt"]
[Black "Kiruba, Helen Arasu"]
[Result "1-0"]
[WhiteElo "2013"]
[BlackElo "1904"]
[PlyCount "57"]
[EventDate "2005.06.04"]
[EventType "tourn"]
[EventRounds "11"]
[EventCountry "HUN"]
[SourceTitle "CBM 106 Extra"]
[Source "ChessBase"]
[SourceDate "2005.07.01"]
[SourceVersion "1"]
[SourceVersionDate "2005.07.01"]
[SourceQuality "1"]

1. e4 c5 2. d4 cxd4 3. c3 dxc3 4. Nxc3 e6 5. Bc4 Bb4 6. Nf3 Ne7 7. 0-0 Bxc3 8. bxc3 d5 9. Bb3 0-0 10. Qe2 Qc7 11. Rd1 dxe4 12. Qxe4 Qxc3 13. Ng5 g6 14. Nxh7 Kxh7 15. Qh4+ Kg8 16. Qxe7 Nc6 17. Qa3 Qe5 18. Bb2 Qc7 19. Qc5 Qf4 20. Rd3 e5 21. Rf3 Qg5 22. Rg3 Qh5 23. f4 Bf5 24. fxe5 Rad8 25. e6 fxe6 26. Bxe6+ Kh7 27. Bb3 Qe2 28. Qc3 Rd7 29. Rh3+ 1-0

[Event "Budapest FS06 FM-B"]
[Site "Budapest"]
[Date "2005.06.04"]
[Round "1"]
[White "Trajber, Daniel"]
[Black "Kiruba, Helen Arasu"]
[Result "0-1"]
[WhiteElo "1936"]
[BlackElo "1904"]
[PlyCount "56"]
[EventDate "2005.06.04"]
[EventType "tourn"]
[EventRounds "11"]
[EventCountry "HUN"]
[SourceTitle "CBM 106 Extra"]
[Source "ChessBase"]
[SourceDate "2005.07.01"]
[SourceVersion "1"]
[SourceVersionDate "2005.07.01"]
[SourceQuality "1"]

1. e4 c5 2. Nf3 Nc6 3. d4 cxd4 4. Nxd4 Nf6 5. Nc3 e5 6. Ndb5 d6 7. Bg5 a6 8. Na3 b5 9. Bxf6 gxf6 10. Nd5 Bg7 11. Bd3 Be6 12. 0-0 f5 13. Qh5 f4 14. c4 b4 15. Nc2 Rb8 16. b3 0-0 17. Rfd1 Qc8 18. a3 bxa3 19. b4 f5 20. Rxa3 Bxd5 21. cxd5 Nxb4 22. Nxb4 Rxb4 23. exf5 Rf6 24. Rxa6 Rd4 25. Raa1 e4 26. Be2 Rxd1+ 27. Rxd1 Qc2 28. Qg4 f3 0-1